| 000 | 02090cam a22005294i 4500 | ||
|---|---|---|---|
| 003 | PE-LiUPU | ||
| 005 | 20250731165642.0 | ||
| 008 | 150616s r 000 0 d | ||
| 020 | _a8876531343 | ||
| 035 | _a(Sirsi) i9788876531347 | ||
| 040 |
_aPE-LiUPU _bspa _cPE-LiUPU _erda |
||
| 049 | _aPRUA | ||
| 082 | 0 | 4 |
_a221.008 _bAB _221 |
| 100 | 1 |
_aMazzinghi, Luca, _eautor. |
|
| 245 | 1 | 0 |
_aNotte di Paura e di Luce; Esegesi di Sap 17,1-18,4. _n134 / _cLuca Mazzinghi. |
| 264 | 1 |
_aRoma : _bEditrice Pontificio Istituto Biblico, _c1995. |
|
| 300 |
_a357 páginas ; _c24 centímetros |
||
| 336 |
_atext _2rdacontent |
||
| 337 |
_aunmediated _2rdamedia |
||
| 338 |
_avolume _2rdacarrier |
||
| 490 | 0 |
_aAnalecta Biblica ; _v134 |
|
| 504 | _aBibliografía: páginas 309-316. | ||
| 505 | 0 | _aUna Notte di Paura (Sap 17,11-6). I Maghi e la coscienza (Sap 117,1-11). Una Paura "Infernale" (Sap 17,12-15). Prigionieri della Paura (Sap 17,16-21). Sapienza e Legge; Luce per il Mondo (Sap 18,1-4). Il Dittico delle Tenebre nel suo insieme e nel contesto della tradizione; sintesi e conclusione Notte di Paura Sapáginas | |
| 526 | _aSEG44 | ||
| 526 | _aSEG26 | ||
| 526 | _aP151 | ||
| 526 | _aP150 | ||
| 526 | _aP149 | ||
| 526 | _aP146 | ||
| 526 | _aP145 | ||
| 526 | _aP126 | ||
| 526 | _aP125 | ||
| 526 | _aP92 | ||
| 526 | _aP75 | ||
| 526 | _aP74 | ||
| 526 | _aP27 | ||
| 526 | _aP15 | ||
| 630 |
_aBiblia. _pA.T. _pSalmos _xComentarios. |
||
| 650 | 0 | 4 | _a |
| 910 |
_ajck _bjvq _cjck |
||
| 942 |
_2ddc _cBOOK |
||
| 949 |
_aRC 221.008 AB 134 _wDEWEY _c1 _i40627 _lCCODEBUL1 _mBUL _r0 _sY _tBOOK _u2015-6-16 _xTEOLOGIA _zUNKNOWN _0COMPRA _o.CIRCNOTE. No olvidar cambiar la fecha de devolución!!!!!!! _o.STAFF. Colección General |
||
| 994 |
_aC0 _bPEPRU |
||
| 596 | _a1 | ||
| 999 |
_aRC 221.008 AB 134 _wDEWEY _c58414 _i40627 _f2021-11-8 _g6 _lCCODEBUL1 _mBUL _r1 _sY _tBOOK _u2015-6-16 _xTEOLOGIA _zUNKNOWN _0COMPRA _o.CIRCNOTE. No olvidar cambiar la fecha de devolución!!!!!!! _o.STAFF. Colección General _d58414 |
||
| 980 |
_81 _gALBERTO SANCHEZ Responsable de Automatización |
||